|
|
|
|
| LEADER |
00000nam a2200000 a 4500 |
| 001 |
vtls001414960 |
| 003 |
SK-MaSNL |
| 005 |
20260302035143.0 |
| 008 |
130607s2001 xo 0 cze |
| 015 |
|
|
|a SNBJ2001/03-01609
|
| 035 |
|
|
|a SNK000369694
|
| 040 |
|
|
|a SNK
|b slo
|c SNK
|e AACR2
|
| 044 |
|
|
|a xo
|c SK
|
| 080 |
|
|
|a 791.43(73)(086.8)
|2 1981
|
| 245 |
1 |
|
|a Poslední agent
|h videozáznam
|b poslední mise, šance na pomstu
|c réžia Anthony Hickox
|
| 260 |
|
|
|a Bratislava
|b Intersonic
|c 2001
|
| 300 |
|
|
|a 1 videokazeta (96 min.)
|b stereo, fareb., VHS systém PAL
|c 10x19 cm
|
| 511 |
|
|
|a Hrajú: Armand Assante, Jurgen Prochnow, Ornella Mutiová, Alexandra Vujcicová
|
| 521 |
|
|
|a Mládeži do 18 r. nevhodné
|
| 650 |
0 |
7 |
|a filmy akčné
|x videokazety
|2 SNK
|9 283651
|
| 655 |
|
7 |
|a videokazety
|2 SNK
|9 70726
|
| 700 |
1 |
|
|a Hickox, Anthony
|4 aud
|9 11311
|
| 700 |
1 |
|
|a Assante, Armand,
|d 1949-
|4 aud
|9 41247
|
| 700 |
1 |
|
|a Prochnow, Jurgen
|4 uci
|9 584416
|
| 700 |
1 |
|
|a Muti, Ornella,
|d 1955-
|4 uci
|9 349431
|
| 700 |
1 |
|
|a Vujcicová, Alexandra
|4 uci
|9 687660
|
| 999 |
|
|
|c 1069492
|d 1071422
|
| 952 |
|
|
|t P65, <07>, [BOOK], {657}
|a SNK
|b SNK
|y PREZ
|7 0
|p 17A0303365
|o snkSVC 1428
|i snkJK 548/2001
|0 0
|1 0
|4 0
|d 2001-06-12
|l 0
|r 2005-01-02 00:00:00
|w 2026-02-24
|